| 000 | 00539pam a2200205 a 4500 | ||
|---|---|---|---|
| 020 | _c | ||
| 040 | _aMedical College Lib. | ||
| 041 |
_aENG _hENG |
||
| 082 |
_a611.01816 _bTHO |
||
| 100 | _aThompson, M. N. . | ||
| 245 |
_aGenetics in Medicine / _c _hTextual Documents |
||
| 250 |
_a5th / _b. |
||
| 260 |
_aLondon : _bHBJ W. B. Saundeers Co. , _c1991. |
||
| 300 |
_a867 ; _c |
||
| 365 | _a697=00 | ||
| 653 |
_aGenetic _aAnatomy _aMedical Science |
||
| 930 | _a4604 | ||
| 999 |
_c4603 _d4603 |
||